00000000nam 2200000zi 4500
0019.946967
003CaOODSP
00520250820144033
006m     o  d f      
007cr cn|||||||||
008250116s2025    onca    o    f000 0 eng d
020 |a9780660752723
040 |aCaOODSP|beng|erda|cCaOODSP
043 |an-cn---
0861 |aH14-650/2025E-PDF
24500|aStore your cannabis safely.
264 1|a[Ottawa] : |b[Health Canada = Santé Canada], |c[2025]
300 |a1 online resource (1 unnumbered page) : |billustrations
336 |atext|btxt|2rdacontent
337 |acomputer|bc|2rdamedia
338 |aonline resource|bcr|2rdacarrier
500 |aCaption title.
500 |aIssued also in French under title: Entreposez votre cannabis en toute sécurité.
520 |a"Accidental poisonings from edible cannabis are a serious risk to children and pets"--Page [1].
650 0|aCannabis|xHealth aspects|zCanada.
650 0|aAccidental poisoning in children|zCanada|xPrevention.
7101 |aCanada. |bHealth Canada, |eissuing body.
77508|tEntreposez votre cannabis en toute sécurité.|w(CaOODSP)9.946968
7760#|tStore your cannabis responsibly.|w(CaOODSP)9.946970
85640|qPDF|s88.0 KB|uhttps://publications.gc.ca/collections/collection_2025/sc-hc/H14-650-2025-eng.pdf
8564 |qHTML|sN/A|uhttps://www.canada.ca/en/health-canada/services/publications/drugs-health-products/infosheet-store-cannabis-safely.html
986 |a240777